| 000 | 00680nam a2200217 a 4500 | ||
|---|---|---|---|
| 001 | 65595 | ||
| 003 | BD-RjUL | ||
| 005 | 20211209081437.0 | ||
| 008 | 170308r19701962nyu||||| |||| 00| 0 eng d | ||
| 020 | _a0192810138 | ||
| 035 | _a(BD-RjUL)65725 | ||
| 040 |
_aBD-RjUL _beng _cBD-RjUL |
||
| 041 | _aeng | ||
| 082 |
_223 _a882.09 _bSOP 1970 |
||
| 245 |
_aSophocles, three tragedies. Antigone. Oedipus the king, Electra / _cTranslated into English verse by H. D. F. Kitto. |
||
| 260 |
_aLondon : _bOxford University Press, _cc1962 [Reprinted 1970] |
||
| 300 |
_avii, 160p. ; _c19cm. |
||
| 650 |
_aGreek Tragedy _9194067 |
||
| 700 |
_a Kitto,H. D. F. , tr. _9194066 |
||
| 942 |
_2ddc _cBK |
||
| 999 |
_c65595 _d65595 |
||